| 000 | 00718cam a2200217 4500 | ||
|---|---|---|---|
| 001 | ABS61671 | ||
| 008 | 000000n1999 000 0 eng u | ||
| 035 | _a(Sirsi) u103168 | ||
| 100 | _aEade, C. | ||
| 245 | _aRetailers aim for European | ||
| 260 | _c1999 | ||
| 490 |
_aProperty Week _v 64(45) 19 November 1999, 12-13(2) |
||
| 520 | _aA far larger number of international firms attended the 5th MAPIC retail conference at Cannes than last year. Many organisations were searching for sites suitable for expansion. | ||
| 590 | _aABS | ||
| 650 | _aMAPIC | ||
| 650 | _aEUROPE | ||
| 650 | _aINTERNATIONAL FIRMS | ||
| 650 | _aCONFERENCES | ||
| 690 | _aPROPERTY-COMMERCIAL PROPERTY-RETAIL PROPERTY | ||
| 942 | _n0 | ||
| 999 |
_c62006 _d62006 |
||